<?xml version="1.0" encoding="UTF-8"?>
<record
    xmlns:xsi="http://www.w3.org/2001/XMLSchema-instance"
    xsi:schemaLocation="http://www.loc.gov/MARC21/slim http://www.loc.gov/standards/marcxml/schema/MARC21slim.xsd"
    xmlns="http://www.loc.gov/MARC21/slim">

  <leader>02407nam a22003257a 4500</leader>
  <controlfield tag="003">NALT</controlfield>
  <controlfield tag="005">20220519091142.0</controlfield>
  <controlfield tag="008">      s2548    th                  tha d</controlfield>
  <datafield tag="020" ind1=" " ind2=" ">
    <subfield code="a">9749246004</subfield>
  </datafield>
  <datafield tag="040" ind1=" " ind2=" ">
    <subfield code="a">NALT</subfield>
  </datafield>
  <datafield tag="041" ind1=" " ind2=" ">
    <subfield code="a">tha</subfield>
  </datafield>
  <datafield tag="090" ind1=" " ind2=" ">
    <subfield code="a">AE 60</subfield>
    <subfield code="b">&#xE04;962&#xE2A; 2548</subfield>
  </datafield>
  <datafield tag="110" ind1="2" ind2=" ">
    <subfield code="a">&#xE42;&#xE04;&#xE23;&#xE07;&#xE01;&#xE32;&#xE23;&#xE2A;&#xE32;&#xE23;&#xE32;&#xE19;&#xE38;&#xE01;&#xE23;&#xE21;&#xE44;&#xE17;&#xE22;&#xE2A;&#xE33;&#xE2B;&#xE23;&#xE31;&#xE1A;&#xE40;&#xE22;&#xE32;&#xE27;&#xE0A;&#xE19; &#xE42;&#xE14;&#xE22;&#xE1E;&#xE23;&#xE30;&#xE23;&#xE32;&#xE0A;&#xE1B;&#xE23;&#xE30;&#xE2A;&#xE07;&#xE04;&#xE4C;&#xE43;&#xE19;&#xE1E;&#xE23;&#xE30;&#xE1A;&#xE32;&#xE17;&#xE2A;&#xE21;&#xE40;&#xE14;&#xE47;&#xE08;&#xE1E;&#xE23;&#xE30;&#xE40;&#xE08;&#xE49;&#xE32;&#xE2D;&#xE22;&#xE39;&#xE48;&#xE2B;&#xE31;&#xE27;</subfield>
    <subfield code="9">8142</subfield>
  </datafield>
  <datafield tag="245" ind1="1" ind2="0">
    <subfield code="a">&#xE2A;&#xE32;&#xE23;&#xE32;&#xE19;&#xE38;&#xE01;&#xE23;&#xE21;&#xE44;&#xE17;&#xE22;&#xE2A;&#xE33;&#xE2B;&#xE23;&#xE31;&#xE1A;&#xE40;&#xE22;&#xE32;&#xE27;&#xE0A;&#xE19; &#xE42;&#xE14;&#xE22;&#xE1E;&#xE23;&#xE30;&#xE23;&#xE32;&#xE0A;&#xE1B;&#xE23;&#xE30;&#xE2A;&#xE07;&#xE04;&#xE4C;&#xE43;&#xE19;&#xE1E;&#xE23;&#xE30;&#xE1A;&#xE32;&#xE17;&#xE2A;&#xE21;&#xE40;&#xE14;&#xE47;&#xE08;&#xE1E;&#xE23;&#xE30;&#xE40;&#xE08;&#xE49;&#xE32;&#xE2D;&#xE22;&#xE39;&#xE48;&#xE2B;&#xE31;&#xE27; &#xE09;&#xE1A;&#xE31;&#xE1A;&#xE40;&#xE2A;&#xE23;&#xE34;&#xE21;&#xE01;&#xE32;&#xE23;&#xE40;&#xE23;&#xE35;&#xE22;&#xE19;&#xE23;&#xE39;&#xE49; &#xE40;&#xE25;&#xE48;&#xE21; 1 /</subfield>
    <subfield code="c">&#xE42;&#xE04;&#xE23;&#xE07;&#xE01;&#xE32;&#xE23;&#xE2A;&#xE32;&#xE23;&#xE32;&#xE19;&#xE38;&#xE01;&#xE23;&#xE21;&#xE44;&#xE17;&#xE22;&#xE2A;&#xE33;&#xE2B;&#xE23;&#xE31;&#xE1A;&#xE40;&#xE22;&#xE32;&#xE27;&#xE0A;&#xE19; &#xE42;&#xE14;&#xE22;&#xE1E;&#xE23;&#xE30;&#xE23;&#xE32;&#xE0A;&#xE1B;&#xE23;&#xE30;&#xE2A;&#xE07;&#xE04;&#xE4C;&#xE43;&#xE19;&#xE1E;&#xE23;&#xE30;&#xE1A;&#xE32;&#xE17;&#xE2A;&#xE21;&#xE40;&#xE14;&#xE47;&#xE08;&#xE1E;&#xE23;&#xE30;&#xE40;&#xE08;&#xE49;&#xE32;&#xE2D;&#xE22;&#xE39;&#xE48;&#xE2B;&#xE31;&#xE27; ; &#xE1C;&#xE39;&#xE49;&#xE40;&#xE23;&#xE35;&#xE22;&#xE1A;&#xE40;&#xE23;&#xE35;&#xE22;&#xE07;  &#xE2A;&#xE38;&#xE08;&#xE34;&#xE15;&#xE23;&#xE32; &#xE01;&#xE25;&#xE34;&#xE48;&#xE19;&#xE40;&#xE01;&#xE29;&#xE23;, &#xE27;&#xE34;&#xE22;&#xE14;&#xE32; &#xE40;&#xE17;&#xE1E;&#xE2B;&#xE31;&#xE15;&#xE16;&#xE35;, &#xE08;&#xE34;&#xE19;&#xE15;&#xE19;&#xE32; &#xE43;&#xE1A;&#xE01;&#xE32;&#xE0B;&#xE39;&#xE22;&#xE35;.</subfield>
  </datafield>
  <datafield tag="246" ind1="1" ind2="8">
    <subfield code="a">&#xE44;&#xE21;&#xE49;&#xE14;&#xE2D;&#xE01;&#xE2B;&#xE2D;&#xE21;&#xE02;&#xE2D;&#xE07;&#xE44;&#xE17;&#xE22; &#xE44;&#xE21;&#xE49;&#xE43;&#xE19;&#xE27;&#xE23;&#xE23;&#xE13;&#xE04;&#xE14;&#xE35;&#xE44;&#xE17;&#xE22; &#xE2A;&#xE21;&#xE38;&#xE19;&#xE44;&#xE1E;&#xE23;.</subfield>
  </datafield>
  <datafield tag="250" ind1=" " ind2=" ">
    <subfield code="a">&#xE1E;&#xE34;&#xE21;&#xE1E;&#xE4C;&#xE04;&#xE23;&#xE31;&#xE49;&#xE07;&#xE17;&#xE35;&#xE48; 3</subfield>
  </datafield>
  <datafield tag="260" ind1=" " ind2=" ">
    <subfield code="a">&#xE01;&#xE23;&#xE38;&#xE07;&#xE40;&#xE17;&#xE1E;&#xE2F; : </subfield>
    <subfield code="b">&#xE42;&#xE04;&#xE23;&#xE07;&#xE01;&#xE32;&#xE23;&#xE2A;&#xE32;&#xE23;&#xE32;&#xE19;&#xE38;&#xE01;&#xE23;&#xE21;&#xE44;&#xE17;&#xE22;&#xE2A;&#xE33;&#xE2B;&#xE23;&#xE31;&#xE1A;&#xE40;&#xE22;&#xE32;&#xE27;&#xE0A;&#xE19; &#xE42;&#xE14;&#xE22;&#xE1E;&#xE23;&#xE30;&#xE23;&#xE32;&#xE0A;&#xE1B;&#xE23;&#xE30;&#xE2A;&#xE07;&#xE04;&#xE4C;&#xE43;&#xE19;&#xE1E;&#xE23;&#xE30;&#xE1A;&#xE32;&#xE17;&#xE2A;&#xE21;&#xE40;&#xE14;&#xE47;&#xE08;&#xE1E;&#xE23;&#xE30;&#xE40;&#xE08;&#xE49;&#xE32;&#xE2D;&#xE22;&#xE39;&#xE48;&#xE2B;&#xE31;&#xE27;, </subfield>
    <subfield code="c">2548.</subfield>
  </datafield>
  <datafield tag="300" ind1=" " ind2=" ">
    <subfield code="a">188 &#xE2B;&#xE19;&#xE49;&#xE32; :</subfield>
    <subfield code="b">&#xE20;&#xE32;&#xE1E;&#xE1B;&#xE23;&#xE30;&#xE01;&#xE2D;&#xE1A; ;</subfield>
    <subfield code="c">21 &#xE0B;&#xE21;.</subfield>
  </datafield>
  <datafield tag="650" ind1=" " ind2="0">
    <subfield code="a">&#xE2A;&#xE21;&#xE38;&#xE19;&#xE44;&#xE1E;&#xE23;</subfield>
    <subfield code="9">6005</subfield>
  </datafield>
  <datafield tag="650" ind1=" " ind2="4">
    <subfield code="a">&#xE14;&#xE2D;&#xE01;&#xE44;&#xE21;&#xE49;&#xE43;&#xE19;&#xE27;&#xE23;&#xE23;&#xE13;&#xE04;&#xE14;&#xE35;</subfield>
    <subfield code="9">34908</subfield>
  </datafield>
  <datafield tag="650" ind1=" " ind2="4">
    <subfield code="a">&#xE1E;&#xE24;&#xE01;&#xE29;&#xE0A;&#xE32;&#xE15;&#xE34;&#xE43;&#xE19;&#xE27;&#xE23;&#xE23;&#xE13;&#xE04;&#xE14;&#xE35;</subfield>
    <subfield code="9">40678</subfield>
  </datafield>
  <datafield tag="650" ind1=" " ind2="4">
    <subfield code="a">&#xE44;&#xE21;&#xE49;&#xE14;&#xE2D;&#xE01; </subfield>
    <subfield code="9">55117</subfield>
    <subfield code="z">&#xE44;&#xE17;&#xE22;</subfield>
  </datafield>
  <datafield tag="650" ind1=" " ind2="4">
    <subfield code="a">&#xE2A;&#xE32;&#xE23;&#xE32;&#xE19;&#xE38;&#xE01;&#xE23;&#xE21;</subfield>
    <subfield code="9">8150</subfield>
  </datafield>
  <datafield tag="700" ind1="0" ind2=" ">
    <subfield code="a">&#xE2A;&#xE38;&#xE08;&#xE34;&#xE15;&#xE23;&#xE32; &#xE01;&#xE25;&#xE34;&#xE48;&#xE19;&#xE40;&#xE01;&#xE29;&#xE23;</subfield>
    <subfield code="9">55118</subfield>
  </datafield>
  <datafield tag="700" ind1="0" ind2=" ">
    <subfield code="a">&#xE27;&#xE34;&#xE22;&#xE14;&#xE32; &#xE40;&#xE17;&#xE1E;&#xE2B;&#xE31;&#xE15;&#xE16;&#xE35;</subfield>
    <subfield code="9">55120</subfield>
  </datafield>
  <datafield tag="700" ind1="0" ind2=" ">
    <subfield code="a">&#xE08;&#xE34;&#xE19;&#xE15;&#xE19;&#xE32; &#xE43;&#xE1A;&#xE01;&#xE32;&#xE0B;&#xE39;&#xE22;&#xE35;</subfield>
    <subfield code="9">55119</subfield>
  </datafield>
  <datafield tag="850" ind1=" " ind2=" ">
    <subfield code="a">NALT</subfield>
  </datafield>
  <datafield tag="942" ind1=" " ind2=" ">
    <subfield code="c">REF</subfield>
    <subfield code="2">local</subfield>
  </datafield>
  <datafield tag="998" ind1=" " ind2=" ">
    <subfield code="b">phon</subfield>
    <subfield code="c">phon</subfield>
    <subfield code="a">phon</subfield>
    <subfield code="j">1020</subfield>
    <subfield code="k"> &#xE08;&#xE33;&#xE40;&#xE23;&#xE35;&#xE22;&#xE07; &#xE23;&#xE30;&#xE27;&#xE31;&#xE07;&#xE2A;&#xE33;&#xE42;&#xE23;&#xE07;</subfield>
  </datafield>
  <datafield tag="999" ind1=" " ind2=" ">
    <subfield code="c">50767</subfield>
    <subfield code="d">50767</subfield>
  </datafield>
  <datafield tag="952" ind1=" " ind2=" ">
    <subfield code="0">0</subfield>
    <subfield code="1">0</subfield>
    <subfield code="2">local</subfield>
    <subfield code="4">0</subfield>
    <subfield code="7">0</subfield>
    <subfield code="8">CREF</subfield>
    <subfield code="a">NALT</subfield>
    <subfield code="b">NALT</subfield>
    <subfield code="c">REF</subfield>
    <subfield code="d">2021-11-19</subfield>
    <subfield code="l">1</subfield>
    <subfield code="o">&#xE2D; AE 60 &#xE04;962&#xE2A; 2548 &#xE25;.1</subfield>
    <subfield code="p">3961165326</subfield>
    <subfield code="r">2021-11-26 00:00:00</subfield>
    <subfield code="s">2021-11-19</subfield>
    <subfield code="t">&#xE09;.3</subfield>
    <subfield code="w">2017-06-09</subfield>
    <subfield code="y">REF</subfield>
  </datafield>
  <datafield tag="952" ind1=" " ind2=" ">
    <subfield code="0">0</subfield>
    <subfield code="1">0</subfield>
    <subfield code="2">local</subfield>
    <subfield code="4">0</subfield>
    <subfield code="7">0</subfield>
    <subfield code="8">CREF</subfield>
    <subfield code="a">NALT</subfield>
    <subfield code="b">NALT</subfield>
    <subfield code="c">REF</subfield>
    <subfield code="d">2021-11-19</subfield>
    <subfield code="l">1</subfield>
    <subfield code="o">&#xE2D; AE 60 &#xE04;962&#xE2A; 2548 &#xE25;.1</subfield>
    <subfield code="p">3961164029</subfield>
    <subfield code="r">2021-11-26 00:00:00</subfield>
    <subfield code="s">2021-11-19</subfield>
    <subfield code="t">&#xE09;.1</subfield>
    <subfield code="w">2017-06-09</subfield>
    <subfield code="y">REF</subfield>
  </datafield>
  <datafield tag="952" ind1=" " ind2=" ">
    <subfield code="0">0</subfield>
    <subfield code="1">0</subfield>
    <subfield code="2">local</subfield>
    <subfield code="4">0</subfield>
    <subfield code="7">0</subfield>
    <subfield code="8">CRRB</subfield>
    <subfield code="a">NALT</subfield>
    <subfield code="b">NALT</subfield>
    <subfield code="c">REF</subfield>
    <subfield code="d">2021-11-19</subfield>
    <subfield code="l">1</subfield>
    <subfield code="o">&#xE2D; AE 60 &#xE04;962&#xE2A; 2548 &#xE25;.1</subfield>
    <subfield code="p">3961164030</subfield>
    <subfield code="r">2021-11-26 00:00:00</subfield>
    <subfield code="s">2021-11-19</subfield>
    <subfield code="t">&#xE09;.2</subfield>
    <subfield code="w">2017-06-09</subfield>
    <subfield code="y">REF</subfield>
  </datafield>
</record>
